000 00488nam a2200157 a 4500
001 000044694
005 20201002045545.0
008 141218s2013 dr 000 0 spa d
020 _a9899945883299
040 _aDO-SdBNP
_bspa
_cBNPHU
110 1 _aRepública Dominicana
_bPoder judicial
_915992
245 1 0 _aInducción a la Perspectiva de Género en el Poder Judicial.
260 _aSanto Domingo :
_bPoder Judicial,
_c2013.
300 _a29 p. ;
_c21 cm.
504 _aBibliografía p: 29
999 _c44183
_d44183